| 000 | 00695cab a2200217 4500 | ||
|---|---|---|---|
| 001 | WB3138-69 | ||
| 008 | 090401t1995 xxu||||| |||| 00| 0 eng d | ||
| 035 | _a(Sirsi) u69758 | ||
| 041 | _aeng | ||
| 245 | _aFarming subsidies | ||
| 260 | _c1995 | ||
| 350 | _a0 | ||
| 490 |
_aFinancial Times _v10 October 1995, 31(2) |
||
| 520 | _aA survey by Touche Ross on 170 UK farms reveals that while 25% of farmers rely solely on ever dwindling subsidies, more efficient farmers would benefit from withdrawing from the CAP system. | ||
| 650 | _aCOMMON AGRICULTURAL POLICY | ||
| 650 | _aFARMING SUBSIDIES | ||
| 650 | _aSUBSIDIES | ||
| 690 | _aRURAL PRACTICE | ||
| 942 | _n0 | ||
| 948 | _c04/03/1997 | ||
| 999 |
_c43849 _d43849 |
||